The geography of ethnic violence : (Record no. 1466)

000 -LEADER
fixed length control field 01936nam a22004217a 4500
001 - CONTROL NUMBER
control field 12985836
003 - CONTROL NUMBER IDENTIFIER
control field OSt
005 - DATE AND TIME OF LATEST TRANSACTION
control field 20210426063744.0
008 - FIXED-LENGTH DATA ELEMENTS--GENERAL INFORMATION
fixed length control field 021030s2003 njuab b 001 0 eng
010 ## - LIBRARY OF CONGRESS CONTROL NUMBER
LC control number 2002042463
020 ## - INTERNATIONAL STANDARD BOOK NUMBER
International Standard Book Number 0691113548 (alk. paper)
035 ## - SYSTEM CONTROL NUMBER
System control number (OCoLC)ocm50958916
040 ## - CATALOGING SOURCE
Original cataloging agency DLC
Transcribing agency DLC
Modifying agency C#P
-- UKM
-- EZU
-- MUQ
-- DLC
042 ## - AUTHENTICATION CODE
Authentication code pcc
043 ## - GEOGRAPHIC AREA CODE
Geographic area code e-ur---
050 00 - LIBRARY OF CONGRESS CALL NUMBER
Classification number JC328.6
Item number .T64 2003
080 ## - UNIVERSAL DECIMAL CLASSIFICATION NUMBER
Universal Decimal Classification number 94
Item number T-67
082 00 - DEWEY DECIMAL CLASSIFICATION NUMBER
Classification number 303.6
Edition number 21
100 1# - MAIN ENTRY--PERSONAL NAME
Personal name Toft, Monica Duffy,
Dates associated with a name 1965-
245 14 - TITLE STATEMENT
Title The geography of ethnic violence :
Remainder of title identity, interests, and the indivisibility of territory /
Statement of responsibility, etc. Monica Duffy Toft.
260 ## - PUBLICATION, DISTRIBUTION, ETC.
Place of publication, distribution, etc. Princeton, N.J. :
Name of publisher, distributor, etc. Princeton University Press,
Date of publication, distribution, etc. c2003.
300 ## - PHYSICAL DESCRIPTION
Extent xii, 226 p. :
Other physical details ill., maps ;
Dimensions 24 cm.
504 ## - BIBLIOGRAPHY, ETC. NOTE
Bibliography, etc. note Includes bibliographical references (p. [203]-218) and index.
505 0# - FORMATTED CONTENTS NOTE
Formatted contents note The forgotten meaning of territory -- Indivisible territory and ethnic war -- Territory and violence: a statistical assessment -- Russia and Tatarstan -- Russia and Chechnya -- Georgia and Abkhazia -- Georgia and Ajaria -- Conclusion.
650 #0 - SUBJECT ADDED ENTRY--TOPICAL TERM
Topical term or geographic name entry element Political violence.
650 #0 - SUBJECT ADDED ENTRY--TOPICAL TERM
Topical term or geographic name entry element Partition, Territorial.
650 #0 - SUBJECT ADDED ENTRY--TOPICAL TERM
Topical term or geographic name entry element Nationalism.
650 #0 - SUBJECT ADDED ENTRY--TOPICAL TERM
Topical term or geographic name entry element Human geography.
650 #0 - SUBJECT ADDED ENTRY--TOPICAL TERM
Topical term or geographic name entry element Ethnic conflict
Geographic subdivision Former Soviet republics
Form subdivision Case studies.
651 #0 - SUBJECT ADDED ENTRY--GEOGRAPHIC NAME
Geographic name Former Soviet republics
General subdivision Ethnic relations
Form subdivision Case studies.
653 ## - INDEX TERM--UNCONTROLLED
Uncontrolled term ისტორია
856 41 - ELECTRONIC LOCATION AND ACCESS
Materials specified Sample text
Uniform Resource Identifier <a href="http://www.loc.gov/catdir/samples/prin031/2002042463.html">http://www.loc.gov/catdir/samples/prin031/2002042463.html</a>
856 42 - ELECTRONIC LOCATION AND ACCESS
Materials specified Publisher description
Uniform Resource Identifier <a href="http://www.loc.gov/catdir/description/prin031/2002042463.html">http://www.loc.gov/catdir/description/prin031/2002042463.html</a>
856 41 - ELECTRONIC LOCATION AND ACCESS
Materials specified Table of contents only
Uniform Resource Identifier <a href="http://www.loc.gov/catdir/enhancements/fy0654/2002042463-t.html">http://www.loc.gov/catdir/enhancements/fy0654/2002042463-t.html</a>
906 ## - LOCAL DATA ELEMENT F, LDF (RLIN)
a 7
b cbc
c orignew
d 1
e ocip
f 20
g y-gencatlg
942 ## - ADDED ENTRY ELEMENTS (KOHA)
Source of classification or shelving scheme
Koha item type Books
Holdings
Withdrawn status Lost status Source of classification or shelving scheme Damaged status Not for loan Permanent location Current location Date acquired Inventory number Total Checkouts Full call number Barcode Date last seen Price effective from Koha item type
          Ken Walker International University Ken Walker International University 02/16/2021 1264   94 T-67 1264 02/16/2021 02/16/2021 Books

Powered by Koha